100 Größte Ortschaften im Mühlviertel - Statistiken

Allgemein
  • Dieses Quiz wurde 40 mal gespielt
  • Das Durchschnittsergebnis liegt bei 48 aus 99
Antwortstatistiken
Bezirk Einwohner Ortschaft % Korrekt
FR 7.439 Freistadt
93%
PE 6.182 Perg
93%
UU 2.036 Burgstall
85%
UU 6.625 Gallneukirchen
85%
UU 2.683 Puchenau
85%
UU 3.268 Ottensheim
81%
RO 2.484 Rohrbach
81%
RO 1.795 Aigen im Mühlkreis
78%
PE 890 Mauthausen
78%
FR 3.116 Pregarten
78%
UU 3.030 Steyregg
78%
PE 564 St. Georgen am Walde
78%
PE 4.044 St. Georgen an der Gusen
78%
UU 722 Engerwitzdorf
74%
UU 964 Feldkirchen an der Donau
74%
FR 888 Kefermarkt
74%
RO 1.195 St. Martin im Mühlkreis
74%
FR 1.495 St. Oswald bei Freistadt
74%
PE 3.850 Schwertberg
70%
UU 4.214 Walding
70%
UU 1.032 Altenberg bei Linz
67%
UU 741 Haslach
67%
RO 1.703 Haslach an der Mühl
67%
PE 1.616 Luftenberg an der Donau
67%
RO 896 Neufelden
67%
FR 1.271 Wartberg ob der Aist
67%
FR 1.372 Bad Zell
63%
PE 2.082 Grein
63%
FR 1.699 Hagenberg im Mühlkreis
63%
RO 927 St. Peter am Wimberg
63%
PE 699 Bad Kreuzen
59%
UU 1.597 Gramastetten
59%
RO 877 Julbach
59%
PE 1.366 Katsdorf
59%
RO 874 Kollerschlag
59%
UU 1.145 Schenkenfelden
59%
UU 593 Vorderweißenbach
59%
PE 656 Windhaag bei Perg
59%
RO 1.245 Altenfelden
56%
UU 1.275 Altlichtenberg
56%
FR 1.132 Gutau
56%
UU 1.579 Hellmonsödt
56%
FR 1.257 Königswiesen
56%
UU 796 Neulichtenberg
56%
FR 1.174 Neumarkt im Mühlkreis
56%
UU 1.093 Oberneukirchen
56%
FR 606 Sandl
56%
PE 710 Saxen
56%
RO 693 St. Veit im Mühlkreis
56%
FR 876 Unterweißenbach
56%
UU 872 Zwettl an der Rodl
56%
RO 958 Berg
52%
RO 1.347 Lembach im Mühlkreis
52%
PE 1.612 Naarn
52%
FR 944 Unterweitersdorf
52%
UU 770 Alberndorf in der Riedmark
48%
PE 770 Arbing
48%
PE 894 Au an der Donau
48%
UU 910 Eidenberg
48%
FR 1.061 Lasberg
48%
UU 1.468 Schweinbach
48%
PE 618 Baumgartenberg
44%
UU 759 Kirchschlag bei Linz
44%
RO 662 Putzleinsdorf
44%
UU 829 Reichenau im Mühlkreis
44%
RO 1.120 Ulrichsberg
44%
UU 765 Goldwörth
41%
PE 1.325 Langenstein
41%
RO 581 Peilstein im Mühlviertel
41%
UU 915 Reichenthal
41%
PE 1.320 Ried in der Riedmark
41%
RO 1.106 Sarleinsbach
41%
FR 616 St. Leonhard bei Freistadt
41%
FR 1.567 Tragwein
41%
FR 1.012 Rainbach im Mühlkreis
37%
RO 686 Niederwaldkirchen
33%
PE 2.844 Waldhausen im Strudengau
33%
RO 762 Hofkirchen im Mühlkreis
30%
UU 1.258 Mittertreffling
26%
UU 832 Außertreffling
22%
PE 1.084 Münzbach
22%
FR 883 Schönau im Mühlkreis
22%
FR 716 Summerau
22%
FR 600 Grünbach
19%
UU 591 Innertreffling
19%
UU 1.035 Plesching
19%
PE 801 Gusen
15%
UU 646 Lacken
11%
UU 917 Linzerberg
7%
PE 1.164 Abwinden
4%
PE 563 Blindendorf
4%
UU 697 Dürnberg
4%
UU 649 Pöstlingberg
4%
PE 1.544 Ufer
4%
UU 750 Unterpuchenau
4%
UU 799 Großamberg
0%
FR 581 Grünbichl
0%
PE 707 Heinrichsbrunn
0%
PE 801 Statzing
0%
Keine übereinstimmenden Quizze gefunden
Verteilung der Resultate
Anzahl Personen mit jedem Resultat
Perzentil nach korrekt beantworteten Fragen
Ihre Resultats-Entwicklung
Sie haben dieses Quiz noch nicht gespielt